| 000 | 01480nam a22002777a 4500 | ||
|---|---|---|---|
| 001 | EPSA 0291 | ||
| 003 | gtcocun | ||
| 005 | 20250918165207.0 | ||
| 006 | a||||gr|||| 00| 0 | ||
| 007 | ta | ||
| 008 | 250918b2024 gt ||||| m||| 00| 0 eng d | ||
| 040 |
_agtcocun _bSPA _cgtcocun _eRDA |
||
| 041 | _aSPA EPSA 0291 | ||
| 084 | _0EPSA 0291 | ||
| 100 |
_aSam Mendoza, Elsa Jovita _eAutor |
||
| 245 |
_aINFORME FINAL DE EJERCICIO PROFESIONAL SUPERVISADO, REALIZADO EN LA FEDERACIÓN INTEGRAL DE COMERCIALIZACIÓN DE COOPERATIVAS DE IXCÁN, FICCI, R.L, PLAYA GRANDE, IXCÁN, EL QUICHÉ/ _cElsa Jovita Sam Mendoza _hImpreso |
||
| 264 |
_aCobán, Alta Verapaz: _bUniversidad de San Carlos de Guatemala, Centro Universitario del Norte, Licenciatura en Administración de Empresas _c2024 |
||
| 300 |
_a40 p.: _bIlustraciones, gráficas. _c28 cm; |
||
| 502 | _eEPSA 0291 | ||
| 502 |
_aEjercicio Profesional Supervisado _bLicenciatura en Administración de Empresas, _cUniversidad de San Carlos de Guatemala, Centro Universitario del Norte, Licenciatura en Administración de Empresas _d2024 _oEPSA 0291 |
||
| 650 |
_2LEMB _aPlaya Grande, Ixcán, El Quiché _xAdministración _xFederación _xIdentificación _xOportunidades _xCrecimiento _xComercialización _xAlternativas |
||
| 700 |
_aLcda. Aura Violeta Recinos Hércules _eAsesor |
||
| 856 |
_uSin archivo en línea. _zSin archivo en línea. |
||
| 942 |
_2ddc _cTES _iEPSA 0291 _kClasificación _n0 _6EPSA_0291_000000000000000 |
||
| 999 |
_c1933 _d1933 |
||